000 00338nam a2200133 i 4500
001 bg
100 1 _aWIECZORKIEWICZ, W.
245 0 _aUrządzenia obsługi ludności i produkcji w gminie /
_cW. Wieczorkiewicz.
260 _aWarszawa,
_c1984.
040 _cBPK
041 _apol
942 _cKS
008 s pl f |000 0 pol
999 _c2034
_d2034
856 _uhttp://koha.tu.koszalin.pl/cgi-bin/koha/opac-detail.pl?biblionumber=2034
_yKatalog online BPK